Román môjho života

Bibliographic Details
Main Author: Škotka, Marian, 1963- (Author)
Format: Article
Language:Slovak
ISSN:1210-1982
Subjects:

MARC

LEADER 00000nab a2200000 a 4500
001 vtls000874880
003 SK-MaSNL
005 20260304021525.0
008 160314c2004 xo 0 slo
015 |a SNBRB2004/06-17056 
035 |a CLN000226432 
040 |a SNKBUCL  |b slo  |c SNKBUCL  |e AACR2 
041 0 |a slo 
044 |a xo  |c SK 
080 |a 82.09:821.134.2 (861)-312.6(048)  |2 1997 
080 |a 821.134.2 (861)-312.6(048)  |2 1997 
100 1 |a Škotka, Marian,  |d 1963-  |4 aut  |9 450051 
245 1 0 |a Román môjho života  |c Marian Škotka 
650 0 7 |a kolumbijské romány  |2 snkbucl  |9 187875 
655 7 |a recenzie  |2 snkbucl  |9 21907 
655 7 |a články z novín a časopisov  |2 snkbucl  |9 267496 
773 0 |t Knižná revue  |g Roč. 14, č. 5 (2004), s. 1  |x 1210-1982 
787 0 8 |i Rec.:  |a García Márquez, Gabriel  |t Román môjho života  |d Bratislava : Ikar, 2004  |w ma200003598 
850 |a Slovenská národná knižnica 
852 |a Slovenská národná knižnica 
958 |a LX 
958 |a RC 
958 |a CO 
958 |a RBX 
999 |c 2606321  |d 2608251